The goonies (Record no. 314)
[ view plain ]
| 000 -LEADER | |
|---|---|
| fixed length control field | 03391cgm a2200793 a 4500 |
| 003 - CONTROL NUMBER IDENTIFIER | |
| control field | data |
| 005 - DATE AND TIME OF LATEST TRANSACTION | |
| control field | 20260322212015.0 |
| 007 - PHYSICAL DESCRIPTION FIXED FIELD--GENERAL INFORMATION | |
| fixed length control field | data |
| 008 - FIXED-LENGTH DATA ELEMENTS--GENERAL INFORMATION | |
| fixed length control field | data |
| 010 ## - LIBRARY OF CONGRESS CONTROL NUMBER | |
| LC control number | be2009012034 |
| 019 ## - | |
| -- | sky248237448 |
| -- | sky248237448 |
| 020 ## - INTERNATIONAL STANDARD BOOK NUMBER | |
| International Standard Book Number | 9781419855122 |
| 020 ## - INTERNATIONAL STANDARD BOOK NUMBER | |
| International Standard Book Number | 1419855123 |
| 024 1# - OTHER STANDARD IDENTIFIER | |
| Standard number or code | 085391163145 |
| 028 42 - PUBLISHER OR DISTRIBUTOR NUMBER | |
| Publisher or distributor number | 116314 |
| Source | Warner Home Video |
| 040 ## - CATALOGING SOURCE | |
| Modifying agency | SKYRV |
| -- | SKYRV |
| 041 1# - LANGUAGE CODE | |
| Language code of text/sound track or separate title | spa |
| -- | fre |
| -- | spa |
| Language code of summary or abstract | spa |
| -- | fre |
| -- | por |
| -- | spa |
| Language code of original | eng |
| 050 14 - LIBRARY OF CONGRESS CALL NUMBER | |
| Classification number | PN1995.9.A3 |
| Item number | G666547 2007 |
| 082 04 - DEWEY DECIMAL CLASSIFICATION NUMBER | |
| Classification number | 791.43/72 |
| 099 ## - LOCAL FREE-TEXT CALL NUMBER (OCLC) | |
| Classification number | DVD 885 |
| 001 - CONTROL NUMBER | |
| control field | data |
| 245 14 - TITLE STATEMENT | |
| Title | The goonies |
| Medium | [videorecording DVD] / |
| Statement of responsibility, etc. | Richard Donner ... [et al.]. |
| 246 1# - VARYING FORM OF TITLE | |
| Display text | At head of title: |
| Title proper/short title | Steven Spielberg presents. |
| 260 ## - PUBLICATION, DISTRIBUTION, ETC. | |
| Place of publication, distribution, etc. | Burbank, CA : |
| Name of publisher, distributor, etc. | Distributed by Warner Home Video, |
| Date of publication, distribution, etc. | c2007,p1985. |
| 300 ## - PHYSICAL DESCRIPTION | |
| Extent | 1 videodisc (114 min.) : |
| Other physical details | digital, col. ; |
| Dimensions | 4 3/4 in. |
| 490 1# - SERIES STATEMENT | |
| Series statement | Warner Bros. Family Entertainment. |
| 500 ## - GENERAL NOTE | |
| General note | DVD, region 1, widescreen (letterbox, enhanced) presentation; Dolby Digital 5.1 surround, Dolby Digital stereo. surround, Dolby Digital mono., dual-layer. |
| 500 ## - GENERAL NOTE | |
| General note | Title from container. |
| 500 ## - GENERAL NOTE | |
| General note | Originally released as a motion picture in 1985. |
| 505 2# - FORMATTED CONTENTS NOTE | |
| Formatted contents note | Special features: Commentary (with hidden video treasures) by director Richard Donner and selected cast members; outtakes; new featurette "The making of The goonies;" Cyndi Lauper "The goonies 'r' good enough" music video; theatrical trailer. |
| 508 ## - CREATION/PRODUCTION CREDITS NOTE | |
| Creation/production credits note | Music, Dave Grusin. |
| 511 1# - PARTICIPANT OR PERFORMER NOTE | |
| Participant or performer note | Steven Antin, Mary Ellen Trainor, Joe Pantoliano, Corey Feldman, Josh Brolin, Ke-Huy Quan, Kerri Green, Lupe Ontiveros, Martha Plimpton, Newt Arnold, Robert Davi, Sean Astin, Anne Ramsey. |
| 520 ## - SUMMARY, ETC. | |
| Summary, etc. | Two kids find a treasure map just as they're about to lose their house. They and their friends go on a search for the treasure, but not without trouble from a few ne'er-do-wells. |
| 521 8# - TARGET AUDIENCE NOTE | |
| Target audience note | MPAA rating: PG. |
| 538 ## - SYSTEM DETAILS NOTE | |
| System details note | DVD, widescreen. |
| 546 ## - LANGUAGE NOTE | |
| Language note | English (Dolby 5.1, Dolby stereo. surround), dubbed French (Dolby stereo. surround) or dubbed Spanish (Dolby mono.) dialogue, English, French, Portuguese or Spanish subtitles; closed-captioned. |
| 650 #0 - SUBJECT ADDED ENTRY--TOPICAL TERM | |
| Topical term or geographic name entry element | Friendship in children |
| Form subdivision | Drama. |
| 650 #0 - SUBJECT ADDED ENTRY--TOPICAL TERM | |
| Topical term or geographic name entry element | Adventure stories |
| Form subdivision | Drama. |
| 650 #0 - SUBJECT ADDED ENTRY--TOPICAL TERM | |
| Topical term or geographic name entry element | Treasure troves |
| Form subdivision | Drama. |
| 650 #0 - SUBJECT ADDED ENTRY--TOPICAL TERM | |
| Topical term or geographic name entry element | Amistad |
| Form subdivision | Teatro. |
| 650 #0 - SUBJECT ADDED ENTRY--TOPICAL TERM | |
| Topical term or geographic name entry element | Aventuras |
| Form subdivision | Teatro. |
| 655 #7 - INDEX TERM--GENRE/FORM | |
| Genre/form data or focus term | Feature films. |
| Source of term | lcgft. |
| 655 #7 - INDEX TERM--GENRE/FORM | |
| Genre/form data or focus term | Action and adventure films. |
| Source of term | lcgft. |
| 655 #7 - INDEX TERM--GENRE/FORM | |
| Genre/form data or focus term | Thrillers (Motion pictures) |
| Source of term | lcgft. |
| 655 #7 - INDEX TERM--GENRE/FORM | |
| Genre/form data or focus term | Children's films. |
| Source of term | lcgft. |
| 655 #7 - INDEX TERM--GENRE/FORM | |
| Genre/form data or focus term | Video recordings for the hearing impaired. |
| Source of term | lcgft. |
| 655 #0 - INDEX TERM--GENRE/FORM | |
| Genre/form data or focus term | DVD-Video discs. |
| 700 1# - ADDED ENTRY--PERSONAL NAME | |
| Personal name | Donner, Richard. |
| 700 1# - ADDED ENTRY--PERSONAL NAME | |
| Personal name | Bernhard, Harvey, |
| Dates associated with a name | 1924- |
| 700 1# - ADDED ENTRY--PERSONAL NAME | |
| Personal name | Spielberg, Steven, |
| Dates associated with a name | 1946- |
| 700 1# - ADDED ENTRY--PERSONAL NAME | |
| Personal name | Columbus, Chris. |
| 700 1# - ADDED ENTRY--PERSONAL NAME | |
| Personal name | Antin, Steven, |
| Dates associated with a name | 1958- |
| 700 1# - ADDED ENTRY--PERSONAL NAME | |
| Personal name | Trainor, Mary Ellen. |
| 700 1# - ADDED ENTRY--PERSONAL NAME | |
| Personal name | Pantoliano, Joe. |
| 700 1# - ADDED ENTRY--PERSONAL NAME | |
| Personal name | Feldman, Corey. |
| 700 1# - ADDED ENTRY--PERSONAL NAME | |
| Personal name | Brolin, Josh. |
| 700 1# - ADDED ENTRY--PERSONAL NAME | |
| Personal name | Quan, Jonathan Ke, |
| Dates associated with a name | 1971- |
| 700 1# - ADDED ENTRY--PERSONAL NAME | |
| Personal name | Green, Kerri, |
| Dates associated with a name | 1967- |
| 700 1# - ADDED ENTRY--PERSONAL NAME | |
| Personal name | Ontiveros, Lupe. |
| 700 1# - ADDED ENTRY--PERSONAL NAME | |
| Personal name | Plimpton, Martha, |
| Dates associated with a name | 1970- |
| 700 1# - ADDED ENTRY--PERSONAL NAME | |
| Personal name | Arnold, Newt, |
| Dates associated with a name | 1922-2000. |
| 700 1# - ADDED ENTRY--PERSONAL NAME | |
| Personal name | Davi, Robert. |
| 700 1# - ADDED ENTRY--PERSONAL NAME | |
| Personal name | Astin, Sean. |
| 700 1# - ADDED ENTRY--PERSONAL NAME | |
| Personal name | Ramsey, Anne, |
| Dates associated with a name | 1929-1988. |
| 710 2# - ADDED ENTRY--CORPORATE NAME | |
| Corporate name or jurisdiction name as entry element | Amblin Entertainment (Firm) |
| 710 2# - ADDED ENTRY--CORPORATE NAME | |
| Corporate name or jurisdiction name as entry element | Warner Bros. Pictures (1969- ) |
| 710 2# - ADDED ENTRY--CORPORATE NAME | |
| Corporate name or jurisdiction name as entry element | Warner Home Video (Firm) |
| 830 #0 - SERIES ADDED ENTRY--UNIFORM TITLE | |
| Uniform title | Warner Bros. Family Entertainment. |
| Withdrawn status | Lost status | Damaged status | Not for loan | Home library | Current library | Shelving location | Date acquired | Total checkouts | Full call number | Barcode | Date last seen | Price effective from | Koha item type |
|---|---|---|---|---|---|---|---|---|---|---|---|---|---|
| Franklin | Franklin | General stacks | 22/03/2026 | 791.43/72 | BC0010323 | 22/03/2026 | 22/03/2026 | Books |